TV One's Unsung Quiz Stats

 Plays Quiz not verified by Sporcle

Challenge
Share
Tweet
Embed
Score 0/12 Timer 05:00
0 Plays Today
Singer % Correct
Melba Moore
68%
Debarge
64%
Teena Marie
60%
Donny Hathaway
56%
Clark Sisters
56%
Phyllis Hyman
52%
Roger and Zapp
48%
Shalamar
44%
Minnie Riperton
44%
Florence Ballard
44%
Klymaxx
40%
Bootsy Collins
32%

You're not logged in!

Compare scores with friends on all Sporcle quizzes.
Join for Free
OR
Log In

You Might Also Like...

Show Comments

Extras

Created Dec 19, 2009ReportNominate
Tags:Singers Quiz, episode, unsung

Top Quizzes Today


Score Distribution

Your Account Isn't Verified!

In order to create a playlist on Sporcle, you need to verify the email address you used during registration. Go to your Sporcle Settings to finish the process.

Report this User

Report this user for behavior that violates our Community Guidelines.

Details: